Culture Générale - Série 1951 - Statistiques

Statistiques générales
  • Ce quiz a été pris 113 fois
  • Le résultat moyen est 5 sur 10
Statistiques - réponses
Question Réponse % Correct
Quelle chaussure de ville pour homme porte le nom d'un célèbre cardinal français ? Richelieu
84%
Quel animal est le "'paradisier" ? oiseau
73%
Quel terme hébraïque désigne la calotte portée traditionnellement par les Juifs pratiquants ? kippa
72%
Quel grand poisson plat - anagramme de "enflât" fait l'objet d'une surpêche intensive générant des conflits internationaux flétan
64%
Dans le domaine informatique, comment s'appelle le navigateur Web développé par la société Apple ? voir photo safari
51%
Quel mot familier faisant référence à un légume signifie "extorquer, soutirer, voler" ? carotter
48%
Quelle ville d'Ecosse est surnommée "la ville de granit" ? Aberdeen
32%
Quel fleuve d'Asie a donné son nom à un pays de ce continent ? Indus
24%
Dans la mythologie grecque, qui est la mère des dieux et déesses Hestia, Déméter, Héra, Hadès, Poséidon et Zeus ? Rhéa
20%
Comment appelle-t-on la partie rétrécie de certaines feuilles vers la tige, synonyme de "queue" ? pétiole
7%
Aucun quiz correspondant
Distribution des résultats
% des personnes avec chaque résultat
Percentile par nombre de réponses
Votre historique - résultats
Vous n’avez pas pris ce quiz